Shri Khrist Gita (Record no. 130)

MARC details
000 -LEADER
fixed length control field 00596nam a2200241 a 4500
020 ## - INTERNATIONAL STANDARD BOOK NUMBER
ISBN
082 00 - DEWEY DECIMAL CLASSIFICATION NUMBER
Classification number 245
Author Cutter FAK
100 ## - MAIN ENTRY--AUTHOR NAME
Author name Fakirbhai, Dhanjibhai
245 ## - TITLE STATEMENT
Title Shri Khrist Gita
Sub title Song of the Lord Christ
260 ## - PUBLICATION, DISTRIBUTION, ETC. (IMPRINT)
Place of publication Delhi
Name of publisher ISPCK
Year of publication 1969
300 ## - PHYSICAL DESCRIPTION
Number of Pages 94p
500 ## - GENERAL NOTE
General note includes index and biblioraphy
505 2# - FORMATTED CONTENTS NOTE
Formatted contents note bibliography, index
650 ## - SUBJECT ADDED ENTRY--TOPICAL TERM
Topical Term Christian-Poetry
942 ## - ADDED ENTRY ELEMENTS (KOHA)
Koha item type Books
700 1# -
-- Fakirbhai, Dhanjibhai
Holdings
Collection code Home library Current library Date acquired Cost, normal purchase price Full call number Accession Number Koha item type
  Henry Martyn Institute Library Henry Martyn Institute Library 07/05/2007 3.00 245 FAK 03811 Books
                   Copyright © 2026 | Henry Martyn Institute | Hyderabad | TS-500052 | INDIA | Implemented by hmi.edu.in
Hit-Count:

Powered by Koha